000 00589nam a22002297a 4500
003 UA-OsUOA
001 96184
007 ta
008 20130318b un ||||| |||| 00| 0 ukr d
100 _aКопривица-Ковачевич С.
090 _a821
_bК65
942 _cBK
040 _aUA-OsUOA
_brus
_cUA-OsUOA
_dUA-OsUOA
245 _aПоймать лисицу
300 _a142 с.
955 _a3
041 _arus
080 _a821
260 _aМ.
_bРадуга
_c1985
650 7 _a82 Література. Літературознавство
_2UDC
999 _c382421
_d382421